<?xml version="1.0" encoding="UTF-8"?><?xml-stylesheet type="text/xsl" href="static/style.xsl"?><OAI-PMH xmlns="http://www.openarchives.org/OAI/2.0/" xmlns:xsi="http://www.w3.org/2001/XMLSchema-instance" xsi:schemaLocation="http://www.openarchives.org/OAI/2.0/ http://www.openarchives.org/OAI/2.0/OAI-PMH.xsd"><responseDate>2026-06-29T02:38:31Z</responseDate><request verb="GetRecord" identifier="oai:docta.ucm.es:20.500.14352/18850" metadataPrefix="marc">https://docta.ucm.es/rest/oai/request</request><GetRecord><record><header><identifier>oai:docta.ucm.es:20.500.14352/18850</identifier><datestamp>2025-02-11T13:01:23Z</datestamp><setSpec>com_20.500.14352_14</setSpec><setSpec>col_20.500.14352_15</setSpec></header><metadata><record xmlns="http://www.loc.gov/MARC21/slim" xmlns:dcterms="http://purl.org/dc/terms/" xmlns:xsi="http://www.w3.org/2001/XMLSchema-instance" xmlns:doc="http://www.lyncode.com/xoai" xsi:schemaLocation="http://www.loc.gov/MARC21/slim http://www.loc.gov/standards/marcxml/schema/MARC21slim.xsd">
   <leader>00925njm 22002777a 4500</leader>
   <datafield ind2=" " ind1=" " tag="042">
      <subfield code="a">dc</subfield>
   </datafield>
   <datafield ind2=" " ind1=" " tag="720">
      <subfield code="a">Dobado González, Rafael</subfield>
      <subfield code="e">author</subfield>
   </datafield>
   <datafield ind2=" " ind1=" " tag="720">
      <subfield code="a">García Hiernaux, Alfredo Alejandro</subfield>
      <subfield code="e">author</subfield>
   </datafield>
   <datafield ind2=" " ind1=" " tag="260">
      <subfield code="c">2017</subfield>
   </datafield>
   <datafield ind2=" " ind1=" " tag="520">
      <subfield code="a">Anthropometric literature on the American territories of the Hispanic monarchy before their independence is still scarce. We attempt to expand the field with a case study that includes some important novelties.
Albeit our main source, the military records of the Censo de Revillagigedo (conducted in the early 1790s), has already been used, the sample size and the geographical scope are unprecedented: 19,390 males of four ethnicities (castizos, españoles, mestizos, and mulatos) aged from 16 to 39 from 24 localities, including towns and villages scattered across central regions of the Viceroyalty of New Spain. We build a database that, complemented with information on resource endowments obtained from other sources, permits to analyze the determinants of height.
Our results show the importance of spatial differences as well as the significance of ethnicity, occupation, rurality, age and resource endowments as determinants of height. Unprivileged mulatos are only 0.5 cm shorter than, assumedly privileged, españoles in the “first world” (El Bajío) and 1.3 cm taller in the “second world” (Eastern Central Highlands). In turn, living in the “first world” implies being between nearly 1.5 cm and 5 cm taller than the inhabitants of the “second world”. Our estimates of physical statures are placed within an international comparative context and offer a relatively “optimistic” picture.</subfield>
   </datafield>
   <datafield ind1="8" ind2=" " tag="024">
      <subfield code="a">1873-6130</subfield>
   </datafield>
   <datafield ind1="8" ind2=" " tag="024">
      <subfield code="a">https://hdl.handle.net/20.500.14352/18850</subfield>
   </datafield>
   <datafield ind1="8" ind2=" " tag="024">
      <subfield code="a">http://dx.doi.org/10.1016/j.ehb.2016.12.003</subfield>
   </datafield>
   <datafield ind2="0" ind1="0" tag="245">
      <subfield code="a">Two worlds apart: Determinants of height in late 18th century central Mexico</subfield>
   </datafield>
</record></metadata></record></GetRecord></OAI-PMH>